〈どうぶつの森〉釣れる魚の種類 - Statistics

General Stats
  • This quiz has been taken 329 times
  • The average score is 35 of 80
Answer Stats
図鑑 場所 魚影 答え 売値
(ベル)
% Correct
59 スズキ 400
88%
74 背びれ サメ 15000
82%
60 タイ 3000
77%
66 桟橋 特大 マグロ 7000
77%
22 ブラックバス 400
71%
5 コイ 300
70%
31 河口 サケ 700
70%
57 アジ 150
68%
75 背びれ ジンベエザメ 13000
68%
67 桟橋 特大 カジキ 10000
64%
78 特大 リュウグウノツカイ 9000
63%
63 イカ 500
62%
80 特大 シーラカンス 15000
62%
7 極小 キンギョ 1300
61%
62 ヒラメ 800
61%
61 カレイ 300
60%
70 背びれ マンボウ 4000
60%
73 背びれ シュモクザメ 8000
59%
15 カエル 120
55%
30 崖の上 イトウ 15000
54%
44 特大 ピラルク 10000
54%
6 ニシキゴイ 4000
53%
76 背びれ コバンザメ 1500
53%
8 極小 デメキン 1300
52%
3 フナ 160
51%
47 極小 クリオネ 1000
51%
64 細長 ウツボ 2000
51%
32 河口 キングサーモン 1800
49%
10 極小 メダカ 300
48%
14 極小 オタマジャクシ 100
48%
20 ブルーギル 180
48%
72 背びれ ノコギリザメ 12000
48%
40 ピラニア 2500
46%
58 イシダイ 5000
46%
77 チョウチンアンコウ 2500
45%
49 極小 クマノミ 650
44%
46 河口 特大 チョウザメ 10000
43%
48 極小 タツノオトシゴ 1100
42%
11 ザリガニ 200
41%
41 アロワナ 10000
41%
42 ドラド 15000
41%
26 アユ 900
39%
27 崖の上 ヤマメ 1000
38%
52 特大 ナポレオンフィッシュ 10000
38%
69 桟橋 シイラ 6000
38%
1 極小 タナゴ 900
37%
2 極小 オイカワ 200
37%
54 フグ 5000
37%
79 デメニギス 15000
37%
34 極小 グッピー 1300
36%
4 ウグイ 240
35%
53 ミノカサゴ 500
35%
71 エイ 3000
35%
12 スッポン 3750
33%
17 ドジョウ 400
33%
18 ナマズ 800
33%
43 ガー 6000
33%
50 ナンヨウハギ 1000
33%
55 ハリセンボン 250
33%
56 アンチョビ 200
32%
68 桟橋 ロウニンアジ 4500
32%
25 ワカサギ 400
31%
21 イエローパーチ 300
30%
29 崖の上 ゴールデントラウト 15000
30%
36 エンゼルフィッシュ 3000
29%
51 チョウチョウウオ 1000
28%
65 細長 ハナヒゲウツボ 600
28%
28 崖の上 オオイワナ 3800
27%
38 極小 ネオンテトラ 500
27%
13 カミツキガメ 5000
23%
19 ライギョ 5500
23%
9 ランチュウ 4500
22%
35 極小 ドクターフィッシュ 1500
21%
16 ドンコ 400
20%
45 エンドリケリー 4000
18%
33 シャンハイガニ 2000
17%
23 ティラピア 800
15%
24 パイク 1800
15%
39 極小 レインボーフィッシュ 800
13%
37 ペタ 2500
11%
No matching quizzes found
Score Distribution
Percent of People with Each Score
Percentile by Number Answered
Your Score History
You have not taken this quiz